| 000 | 00593nam a22001937a 4500 | ||
|---|---|---|---|
| 003 | OSt | ||
| 008 | 260430b |||||||| |||| 00| 0 eng d | ||
| 082 |
_a635.648 _bM29E |
||
| 100 | _aMandal, Parma Nand. | ||
| 245 |
_aEffect of the Growth Regulators on Growth, Yield and Quality of Hybrid Okra (Abelmoschus esculentus (L.) Moench) / _cby Parma Nand Mandal |
||
| 260 |
_a.- Sabour, Bhagalpur _b: Bihar Agricultural College, RAU _c, 2007 |
||
| 300 | _a68p. | ||
| 502 |
_bM. Sc. _d2007 |
||
| 650 | _aHorticulture | ||
| 650 | _aOkra | ||
| 650 | _aThesis | ||
| 650 | _aM. Sc. | ||
| 942 |
_2ddc _cT |
||
| 999 |
_c50344 _d50344 |
||